| 000 | 01290nam2a2200241 4500 | ||
|---|---|---|---|
| 001 | rc\3021650 | ||
| 005 | 20260315064645.0 | ||
| 035 | _a(NLR Aleph) 007163543 | ||
| 090 |
_a13619278 _c13619278 |
||
| 100 | _a20110927d1937 u y0rusy50 ca | ||
| 101 | 0 | _arus | |
| 102 | _aRU | ||
| 105 | _aa z ||||| | ||
| 200 | 1 |
_aГидротехнический сборник _h[1] |
|
| 210 | _d1937 | ||
| 215 |
_a170, [4] с. _cчерт., граф. |
||
| 320 | _aБиблиогр. в конце отд. статей | ||
| 461 | 0 |
_1001rc\3021648 _12001#$aМатериалы по поднятию производительности с.-х. земель посредством мелиорации$eВып. 1-$fРСФСР. Нар. ком. зем. Сев. науч.-исслед. ин-т гидротехники и мелиорации$vВып. 2 _97273543 _cЛенинград _d1936 _fРСФСР. Нар. ком. зем. Сев. науч.-исслед. ин-т гидротехники и мелиорации _nБ. и. _oВып. 1- _tМатериалы по поднятию производительности с.-х. земель посредством мелиорации _vВып. 2 |
|
| 801 | 0 |
_aRU _bNLR _gpsbo |
|
| 801 | 1 |
_aRU _bELAR _2rusmarc |
|
| 852 |
_aNLR _j36-19/204 |
||
| 942 | _cUNSPEC | ||
| 980 | _aNB | ||